MIRGOROD BEING A CONTINUATION OF EVENINGS IN A VILLAGE NEAR DIKANKA (Record no. 581862)
[ view plain ]
| 000 -LEADER | |
|---|---|
| fixed length control field | 00285nam a22001097a 4500 |
| 082 ## - DEWEY DECIMAL CLASSIFICATION NUMBER | |
| Classification number | 808.3 GOG'M |
| 100 ## - MAIN ENTRY--PERSONAL NAME | |
| Personal name | GOGAL, NIKOLAI |
| 9 (RLIN) | 76468 |
| 245 ## - TITLE STATEMENT | |
| Title | MIRGOROD BEING A CONTINUATION OF EVENINGS IN A VILLAGE NEAR DIKANKA |
| 260 ## - PUBLICATION, DISTRIBUTION, ETC. | |
| Place of publication, distribution, etc. | MOSOCW |
| Name of publisher, distributor, etc. | FOREIGN |
| Date of publication, distribution, etc. | 1965 |
| 300 ## - PHYSICAL DESCRIPTION | |
| Extent | 294P |
| 942 ## - ADDED ENTRY ELEMENTS (KOHA) | |
| Koha item type | Book |
| Withdrawn status | Lost status | Source of classification or shelving scheme | Damaged status | Not for loan | Permanent Location | Current Location | Shelving location | Date acquired | Shelving control number | Full call number | Barcode | Date last seen | Price effective from | Koha item type | Public note |
|---|---|---|---|---|---|---|---|---|---|---|---|---|---|---|---|
| College of Electrical & Mechanical Engineering (CEME) | College of Electrical & Mechanical Engineering (CEME) | Reference | 05/30/2017 | Book Cart | 808.3 GOG'M | CEME-10955 | 06/28/2021 | 06/28/2021 | Book | 1.8 |
